| 000 | 00765nam0a2200241 4500 | ||
|---|---|---|---|
| 001 | RU\NLR\bibl\1958899 | ||
| 005 | 20250616204844.0 | ||
| 021 |
_aRU _b2012-73838 _95465 |
||
| 035 | _a(NLR Aleph) 001947937 | ||
| 090 |
_a3655290 _c3655290 |
||
| 100 | _a20121023d2011 |||y0rusy50 ca | ||
| 101 | 0 | _arus | |
| 102 | _aRU | ||
| 105 | _ay ||||||||| | ||
| 200 | 1 | _aПрактикум по курсу "Организационное поведение". ч. 1 | |
| 210 |
_aМосква _cМИТХТ _d2011 |
||
| 215 | _d21 | ||
| 700 | 1 |
_aМандыч _bИ. А. _4070 |
|
| 801 | 0 |
_aRU _bNLR _c20121023 _gRCR |
|
| 801 | 1 |
_aRU _bNLR _c20121023 |
|
| 942 | _cBOOK | ||
| 980 | _aNB | ||